000 00469nam a2200157 i 4500
001 24490
003 ES-MaACL
005 20230906153046.0
007 t|
008 021217s1968 sp ||||1| spa d
100 1 _aAndreu Rodrigo, Agustín.
_921649
245 1 1 _a¿Qué es ser cura hoy?
_b: [ministerios y existencia cristiana) /
_cAgustín Andreu Rodrigo.
260 _aAlcoy :
_bMarfil,
_c1968.
300 _a287 p. ;
_c22 cm.
852 _aES-MaACL
_jC-46862
_bR.68301
999 _c24490
_d24490